LEADER 01259nam a2200301 a 4500 001 000000135711 003 CaOOAMICUS 005 20131009131651.0 008 131009s2006 enk u000 u eng r 020 $a978-0-19-953545-3 040 $aPUL$bita 082 04$a340.2 245 04$aThe Oxford handbook of comparative law /$cedited by Mathias Reimann and Reinhard Zimmermann. 260 $aOxford ;$aNew York :$bOxford University Press,$c2006. 300 $axix, 1430 p. ;$c26 cm 500 $aInclude indice. 504 $aBibliografia in nota. 650 4$aDiritto comparato.$0(OLS)http://pul/subject/489 700 1 $aZimmermann, Reinhard.$0(OLS)http://pul/name/50260 700 1 $aReimann, Mathias.$0(OLS)http://pul/name/87387 850 $aPUL 852 $aPUL$W1$xSL Diritto e Scienze Sociali 3$y79$m340. 2 REIMA 1$j156504$qDDC 21$B155850$CPULBib$Z2$F155850 $H122900 $82 941 1 $a9 996 $6020$a978-0-19-953545-3$9(OLS)http://pul/number/153685 996 $6082$a340.2$9(OLS)http://pul/classification/1934 996 $6245$aThe Oxford handbook of comparative law$9(OLS)http://pul/title/171576 996 $6260$aOxford ;$aNew York :$bOxford University Press$9(OLS)http://pul/publisher/74678 LEADER 01391nam a2200301 a 4500 001 000000142287 003 CaOOAMICUS 005 20150316113146.0 008 150316s2014 sp u000 u spa r 020 $a978-84-85888-28-3 040 $aPUL$bita 082 04$a222 100 1 $aÁlvarez Barredo, Miguel.$0(OLS)http://pul/name/36053 245 10$aSaúl, rechazado como rey de Israel :$btradiciones originarias y sincronías redaccionales /$cMiguel Álvarez Barredo. 260 $aMurcia :$bEspigas,$c2014. 300 $a302 p. ;$c24 cm 490 1 $aPublicaciones Instituto Teologico Franciscano de Murcia O.F.M. Serie Mayor ;$v59 504 $aBibliografia in nota. 600 04$aSaul,$cre d'Israele.$0(OLS)http://pul/subject/41404 830 0$aPublicaciones Instituto Teologico Franciscano de Murcia O.F.M.$pSerie Mayor ;$v59.$0(OLS)http://pul/title/180103 850 $aPUL 852 $aPUL$W1$xSL Religione 3$y85$m222 ALVMI 1$j164171$qDDC 21$B164306$CPULBib$Z2$F164306 $H125548 $82 941 1 $a9 996 $6020$a978-84-85888-28-3$9(OLS)http://pul/number/157201 996 $6082$a222$9(OLS)http://pul/classification/563 996 $6245$aSaúl, rechazado como rey de Israel :$btradiciones originarias y sincronías redaccionales$9(OLS)http://pul/title/180102 996 $6260$aMurcia :$bEspigas$9(OLS)http://pul/publisher/83216